000 00955nam a2200301 a 4500
001
003 DO-SdBNP
005 20210524074821.0
007
008 090717s2013 dr a 000 0 spa d
040 _aBPMSU
_bspa
_cBPMSU
082 4 _a923.27293
_bD812T
_222
100 1 _aTroncoso Sánchez, Pedro
_d 1904-
245 1 0 _aVida de Juan Pablo Duarte /
_cPedro Troncoso Sánchez
_b
250 _a3a. ed.
260 _aSanto Domingo :
_bInstituto Duartiano ;
_c2013
300 _a522 p. ;
_c23 cm.
_b
490 0 _a Duartiana,
_v11
500 _aIncluye referencias bibliográficas y notas al pie de las páginas
586 _aPremio Nacional de Historia, 1976
590 _6Inventariado, 2021/VM
600 4 _aDuarte y Diez , Juan Pablo
_d1813-1876
651 4 _aRepública Dominicana
_xHistoria
_y1844-1930
700 1 _aTena Reyes, Jorge
830 0 _aBiografías dominicanas Tobogán
910 _aVMateo
942 _2ddc
_cBK
999 _c13521
_d13521